Score 0/25 Timer 05:00
1 Play Today
% Correct
Pink Panther
96.6%
Garfield
94.1%
Tigger
92%
Simba
89.1%
The Cat in the Hat
88.1%
Tom
87.9%
Puss in Boots
86.6%
Tony the Tiger
85.8%
Figaro
81.7%
Sylvester
79.3%
Scar
78.2%
Cowardly Lion
75.1%
Duchess
66.6%
% Correct
The Cheshire Cat
63.1%
Scratchy
61.9%
Chester Cheetah
52.5%
Felix the Cat
49.1%
Top Cat
43.6%
Oliver
36.7%
Shere Khan
34.8%
Bagheera
31.1%
Diego
24.4%
Hobbes
20%
Snagglepuss
19.7%
Bucky B. Katt
8%
Remove Ads.
Support Sporcle.
Get the best of Sporcle when you Go Orange. This ad-free experience offers more features, more stats, and more fun while also helping to support Sporcle. Thank you for becoming a member.

You're not logged in!

Compare scores with friends on all Sporcle quizzes.
OR
Log In

Sporcle TV

Today on Sporcle TV


Watch our educational content, quiz creation guides, and fun videos on Sporcle TV.

Show Comments

Extras

Top Quizzes Today


Score Distribution

Paid Content

Your Account Isn't Verified!

In order to create a playlist on Sporcle, you need to verify the email address you used during registration. Go to your Sporcle Settings to finish the process.

Report this User

Report this user for behavior that violates our Community Guidelines.

Details: